000
00316nam a2200145Ia 4500
003
OSt
005
20240322144146.0
008
170523s9999 xx 000 0 und d
020
_a
978-0765604583
040
_c
iimtu meerut
100
_a
MOHAMUD
245
0
_a
QUANTITATIVE METHODS
260
_b
PHI
942
_2
ddc
_c
02
999
_c
1860
_d
1860